Tutti gli Stati che hanno controllato Amsterdam - Statistics

Statistiche generali
  • Questo quiz è stato fatto 12 volte
  • Il punteggio medio è 8 su 14
Statistiche sulle risposte
con Immagini Hint Risposta % Corretto
1945 - Oggi Regno dei Paesi Bassi
100%
1275 - 1648 Sacro Romano Impero
100%
1810 - 1815 Primo Impero Francese
89%
1839 - 1940 Regno dei Paesi Bassi
78%
1556 - 1578 Regno di Spagna
78%
1940 - 1945 Terzo Reich
78%
(1482 - 1556) Arciducato d'Austria
56%
(1317 - 1432) Contea d'Olanda
56%
1815 - 1839 Regno Unito dei Paesi Bassi
56%
1801 - 1815 Regno di Olanda
44%
(1432 - 1482) Ducato di Borgogna
22%
1797 - 1801 Repubblica Batava
22%
1578 - 1797 Repubblica delle Sette Province Unite dei Paesi Bassi
22%
(1275 - 1317) Principato Vescovile di Utrecht
11%
Nessun quiz corrispondente trovato
Distribuzione punteggi
Percentuale di utenti per punteggio
Percentile per numero di risposta
I tuoi punteggi nel tempo
Non hai fatto questo quiz